01254naa a22003137a 4500001001000000003000900010005001700019007000300036008003400039040005400073041000900127072001400136090001800150100002100168100001600189111008400205245014400289260003600433500010100469650002100570650000900591650001200600650001000612773010000622909003600722942001400758999001900772952014900791BR7904330BR-BrBNA20240918174420.0ta230509b bl.||||| |||| 00| 0 por d aBR-BrBNAbporcBiblioteca Nacional de Agricultura a(En) aH20b0336 aH20 BR79043301 aPaschal II, E.H.1 aEllis, M.A.1 a1. Latin America Workshop on Seed PathologycLondrina, PR (Brazil)d10 Apr 19771 aEffect of genotype and harvest date on the incidence of seed-borne fungi and field emergence of soybean [Soja; Glycine max; Fungo; Semente]3 aLondrina, PR (Brasil): c1979.  aSeed pathology, problems and progress Londrina, PR (Brasil): 1979. p. 179-189 (BR7904330-AM)H20  aDoenca de planta aSoja aSemente aFungo0 tSeed pathology, problems and progressbwH20 BR7904330gLondrina, PR (Brasil), 1979. p. 179-189 a202404bLuciac55dLucia Elande cAM2AGRIS c311094d311094 002AGRIS40708Acervo Gerala41918b41918cAgrobasel0o4100 BR7904304r2024-05-20t01yAM10d2024-04-11ePortaria Interministerial nÂș 164/94